Á lódáil...

Lok adalats in India: genesis and functioning peoples' programme for speedy justice

Sonraí Bibleagrafaíochta
Príomhúdar: Deshta, Sunil
Formáid: Printed Book
Foilsithe: New Delhi Deep & Deep 1995
LEADER 00428nam a22001097a 4500
082 |a 344.032026  |b SUN.L 
100 |a Deshta, Sunil 
245 |a Lok adalats in India: genesis and functioning peoples' programme for speedy justice 
260 |a New Delhi  |b Deep & Deep  |c 1995 
942 |c BK 
999 |c 12105  |d 12105 
952 |0 0  |1 0  |4 0  |6 344_032026000000000_SUN_L  |7 0  |9 14250  |a CAMPUS  |b CAMPUS  |d 2017-07-20  |l 0  |o 344.032026 SUN.L  |p 06155  |r 2017-07-20  |w 2017-07-20  |y BK